000 01827nam a2200421 c 4500
003 BLK
005 20180421000409.0
008 180411b bul|||||r ||||||| ||bul||
010 _aKNG00195459000
020 _a978-619-196-031-6
_bиздат.: ЗЕА ПРИНТ
040 _aBLK
041 _aBUL
_cBUL
072 7 _2bullib
_aН37
_xОбразование. Педагогика Н
080 _aКлубно дело - Видове клубове. Дворци и домове на култури
_b374.29
_x:008(497.233)(091)
_z374.29:008(497.233)(091)
080 _aЦивилизация. Култура. Прогрес. История на културата вж 930.85
_b008
_x(497.2)(091)
_z008(497.2)(091)
110 1 _aКлуб на дейците на културата. Смолян
_9344113
139 _aСветлина, повече светлина
_bС 25
245 1 0 _aСветлина, повече светлина
_bСб. за 50-год. на клуба
257 _aBGR
260 Смолян
_bЗЕА ПРИНТ
_c2016
300 _a160 с.
_c21 см
380 _a3
500 _aИзд. на КДК - Смолян. - Библиогр. с. 123-158.
650 4 _aДомове и дворци на културата - България
_9269266
650 4 _aКлубове - на културата - история
_9308607
650 4 _aСливен - култура
_9344114
651 4 _aСмолян
_9179563
651 4 _aБългария
_9241624
653 _aКлуб на дейците на културата
653 _aистория
653 _aюбилейни сборници
659 _aН
852 _aЦб 283030
856 4 _qpdf
_u
856 4 _qpdf
_u
942 _cKNG
_n0
944 _aCR
_c08.11.2016
_lф /
_kВиолета_Тройчева
944 _aED
_c06.12.2016
_lф /
_kЛюдмила_Стоянова
999 _c186464
_d186464